000 00269nam a22001097a 4500
008 170120b xxu||||| |||| 00| 0 eng d
020 _a9781435441170
041 _aeng
080 _27TH
_a618.2
245 _aBEGINNING MEDICAL TRANSCRIPTION
_cIRELAND, P.A
942 _2udc
_cBK
999 _c3270
_d3270